MDQL
is popping MORE tags! Check the
thread
!
Quizzes
Events
Quiz Creation
Community
Videos
Private Events
Remove Ads
Sign In
Join for FREE
Feedback
Dark Mode
Quiz Categories
Sports
Geography
Music
Movies
Television
Just For Fun
Miscellaneous
History
Literature
Language
Science
Gaming
Entertainment
Religion
Holiday
For Kids
Quiz Lab
Recent
Popular Today
Quiz Kudos Today
Editor Picks
Curator Picks
Quizzes by...
Day
Popularity
Type
Ratings
Length
Year
Community
Subscriptions
Recent Discussions
Orange Saloon
Badges
Playlists
Quests
Create
Leaderboards
Showdown
Live 5
Trivia Bingo
Activity
Puzzle Library
Sporcle Events
Private Events
Virtual Trivia
Globe League
Become a Host
Pub Owners
SporcleCon
Opinionation
Our Games
Videos
Blog
Mobile Apps
Partnerships
Remove Ads and Go Orange
Feedback
Sports
Athletes
MLB
NBA
NHL
NFL
Soccer
Sports Teams
WWE
NCAA
Football
Premier League
Basketball
Baseball
Hockey
Golf
Tennis
Cricket
Rugby
Auto Racing
Olympics
World Cup
Sports
Athletes
MLB
NBA
NHL
NFL
Soccer
Sports Teams
WWE
NCAA
Football
Premier League
Basketball
Baseball
Hockey
Golf
Tennis
Cricket
Rugby
Auto Racing
Olympics
World Cup
Random Quiz
Search Sporcle
×
Quiz Lab
Quiz Lab
Sports
High School
Type in answers that appear in a list
Type in answers that appear in a list
Classic
Best Score? Go Orange.
High School Football National Champs Stats
Can you name the High School Football National Champs?
By
HSFootball
20m
31 Questions
53 Plays
53 Plays
53 Plays
Comments
Comments
Give Quiz Kudos
Give Quiz Kudos
-
- Ratings
hide this ad
More Info
Forced Order
Answers have to be entered in order
Answers have to be entered in order
Replay
Link that replays current quiz
Next Quiz
Link to next quiz in quiz playlist
You Got
0%
They Got
Avg Score
29%
Avg Friend Score
Upgrade to see
Score Distribution
Jump to the score distribution portion of the page
Score
0/31
Timer
20:00
0
Plays Today
Year
School
% Correct
2002
De La Salle
75.5%
2001
De La Salle
75.5%
2000
De La Salle
75.5%
2003
De La Salle
73.6%
1999
De La Salle
73.6%
1998
De La Salle
73.6%
2009
Don Bosco Prep
45.3%
2011
Don Bosco Prep
43.4%
2012
John Curtis
35.8%
2008
St. Thomas Aquinas
35.8%
2004
Southlake Carroll
32.1%
1996
Mater Dei
28.3%
2006
Southlake Carroll
26.4%
2007
Miami Northwestern
24.5%
1994
Mater Dei
20.8%
2010
South Panola
17%
Year
School
% Correct
2005
Lakeland
17%
1997
Canton McKinley
13.2%
1993
St. Ignatius
13.2%
1984
Valdosta
13.2%
1989
St. Ignatius
11.3%
1986
Valdosta
11.3%
1982
Archbishop Moeller
11.3%
1992
Berwick
9.4%
1991
LaGrange
9.4%
1995
Berwick
7.5%
1983
Berwick
7.5%
1990
Lawton Eisenhower
5.7%
1988
Pensacola Pine Forest
5.7%
1987
North Hills
5.7%
1985
East St. Louis
5.7%
Quiz Playlist
Details
Report
Send in Message
Add To Playlist
More Info:
Name the high school football teams that have won USA Today mythical national championship since 1982.
Classic:
Type in answers that appear in a list
Forced Order:
Answers have to be entered in order
Quiz Source
Last Updated: Feb 16, 2017
Quiz Scoreboard
CHALLENGE
Sign Up to Join the Scoreboard
Show All
Scores
Hide
Comments
May contain spoilers
Recently Published
Find the 'City' Movie
by crazypaving
Movies
60s
5x2 Blitz: Bands
by SL_Kpop136
Music
30s
Colored Red Africa Blitz
by spor1
Geography
30s
More to Explore
Quiz From the Vault
Featured Blog Post
14 Easter Pick-up Lines to Find Eggs With
hide this ad
You Might Also Like...
Tags
High School
High School Football
High School Sports
Today's Top Quizzes in Sports
Browse Sports
hide this ad
Today's Top Quizzes in High School
Browse High School
Top Contributed Quizzes in Sports
1
Les entraîneurs de l'OM et du PSG au 21e siècle
2
Les meilleurs buteurs des matchs entre le PSG et l’OM
3
Players with Multiple 50 Home Run Seasons
4
2022 World Cup Stars
5
Les joueurs passés par le PSG et l'OM
6
NBA Logic Puzzle 2.0
7
Criteria MLB: Left Handed Sluggers
8
MLB Players with Two .350 Batting Average Seasons
9
Top 10 NHL Goal Scorers of All Time
10
Who Hit More Homers?
Explore More
Trending Topics
Harry Potter
Crossword
Anime
Marvel
Kpop
Disney
NBA
The Office
Soccer
Puzzle
Country
Song
Pokémon
WWE
NFL
hide this ad
More By:
HSFootball
Quiz
Plays
Rating
Category
Featured
Created
High School Football National Champs
53
Sports
May 28, 2013
Go to Creator's Profile
Score Distribution
Quiz Creator Spotlight
HSFootball
Follow
Send a Message
Quizzes Created
-
Created Quiz Play Count
-
More By This Creator
Popular Quizzes Today
1
Colored Red Africa Blitz
2
Find the 'City' Movie
3
Find the US States - No Outlines Minefield
4
5x2 Blitz: Bands
5
The Countries of the World
6
Find the US States
7
Find the Countries of Europe - No Outlines Minefield
8
US States
More Sports Quizzes
English First Division XIs 1984-85
Quiz Lab
Trending Quizzes
Colored Red Europe Blitz I
Colored Red Africa Blitz II
Colored Red Europe Blitz II
Colored Red Africa Blitz III
Colored Red Europe Blitz III
Recently Updated
How Do You Spell That?
pecheneg
Godzilla Movies
pecheneg
Grab Bag: 4-10 Letters
pecheneg
2024 March Madness Bracket
pecheneg
Famous TV Couples
Peacemaker
Champions League XIs: Real Madrid
pecheneg
Largest US Cities 1790-2010
pecheneg
Rides in Walt Disney World
pecheneg
Most Oscar Losses (Acting)
pecheneg
Beyoncé Albums
pecheneg
Trending Topics
Marvel
Kpop
NBA
Anime
Harry Potter
Disney
Crossword
Puzzle
Pokémon
Country
Soccer
WWE
The Office
Song
NFL
Your Account Isn't Verified!
In order to create a playlist on Sporcle, you need to verify the email address you used during registration. Go to your
Sporcle Settings
to finish the process.
Report this User
Report this user for behavior that violates our
Community Guidelines
.
Details:
Send Report
Go to the Sporcle.com Mobile Site →
Comments